| 000 | 01449 am a2200409Ma 4500 | ||
|---|---|---|---|
| 001 | 200448554 | ||
| 999 |
_c200448554 _d66766 |
||
| 003 | TR-AnTOB | ||
| 005 | 20250812152411.0 | ||
| 007 | ta | ||
| 008 | 040413s2000 tu b 000 0ctur d | ||
| 020 | _a9758013777 | ||
| 020 | _a9789758013777 | ||
| 040 |
_aTR-AnTOB _beng _erda _cTR-AnTOB |
||
| 041 | _atur | ||
| 050 | 4 |
_aPL247.K39 _bK395 2000 |
|
| 090 |
_aPL247.K39 _bK395 2000 |
||
| 245 | 0 | 0 |
_aKayseride yazma mecmualar : _bve muhtevâlarından seçmeler / _cAhmet Emin Güven. |
| 264 | 1 |
_aKayseri : _bErciyes Üniversitesi, _c2000. |
|
| 300 |
_axcvii, 204 pages ; _c24 cm. |
||
| 336 |
_atext _btxt _2rdacontent |
||
| 337 |
_aunmediated _bn _2rdamedia |
||
| 338 |
_avolume _bnc _2rdacarrier |
||
| 490 |
_aErciyes Üniversitesi yayınları ; _vno. 125 _aKayseri yakın tarihinden kültürel araştırmalar ; _v7 |
||
| 500 | _a "1999-Ankara." | ||
| 504 | _aBIB | ||
| 650 | 0 |
_aPoets, Turkish _zTurkey _zKayseri İli _vBiography. |
|
| 650 | 0 |
_aŞairler, Türk _zTürkiye _zKayseri _vBiyografi _952420 |
|
| 650 | 0 |
_aTurkish poetry _zTurkey _zKayseri İli. |
|
| 650 | 7 |
_aTürk şiiri _zTürkiye _zKayseri _2etuturkob _984273 |
|
| 650 | 0 |
_aManuscripts _zTurkey _zKayseri İli. |
|
| 650 | 7 |
_aEl yazmaları _zTürkiye _zKayseri _9127537 |
|
| 650 | 0 |
_aEntelektüeller _zTürkiye _vBiyografi _951692 |
|
| 651 | 0 |
_aKayseri İli (Türkiye) _9123665 |
|
| 700 | 1 |
_aGüven, Ahmet Emin _9136667 |
|
| 942 |
_2lcc _cBK |
||